Quiz sur les Alpes-de-Haute-Provence - Statistiques

Statistiques générales
  • Ce quiz a été pris 315 fois
  • Le résultat moyen est 15 sur 20
Statistiques - réponses
Question % Correct
Région Provence-Alpes-Côte d'Azur
99%
Numéro du département 04
98%
Départements limitrophes Hautes-Alpes
93%
Pays limitrophe Italie
93%
Préfecture Digne-les-Bains
91%
Var
91%
Vaucluse
90%
Alpes-Maritimes
87%
Rivière connue pour ses impressionnantes gorges et son alimentation du Lac de Sainte-Croix. Verdon
81%
Plus grande ville Manosque
77%
Drôme
74%
Fleur cultivée sur le touristique Plateau de Valensole Lavande
74%
Troisième commune du département reconnaissable à sa citadelle et au rocher de la Baume. Sisteron
68%
Parc national situé à l'est du département Parc national du Mercantour
59%
Forcalquier
57%
Sous-préfectures Barcelonnette
55%
Lac artificiel de 3 000 ha alimenté par la Durance et devenu un lieu touristique important du département. Lac de Serre-Ponçon
51%
Nombre d'habitants (arrondi à la dizaine de milliers d'habitants) 160 000 (164 068)
47%
Castellane
47%
Gentilé Bas-Alpins, Alpins de Haute-Provence
36%
Aucun quiz correspondant
Distribution des résultats
% des personnes avec chaque résultat
Percentile par nombre de réponses
Votre historique - résultats
Vous n’avez pas pris ce quiz